| 000 | 00714nam a2200205 i 4500 | ||
|---|---|---|---|
| 001 | 143450 | ||
| 003 | ES-MaACL | ||
| 005 | 20230906200822.0 | ||
| 007 | t| | ||
| 008 | 070214s1971 sp |||| | spa d | ||
| 100 | 1 |
_aSenn, Milton J. E. _9105472 |
|
| 245 | 1 | 0 |
_aTrastornos de la conducta y del desarrollo en el niño / _cMilton J.E. Senn, Albert J. Solnit ; versión de A. Garrido Juan. |
| 260 |
_aBarcelona : _bEd. Pedriática, _c1971. |
||
| 300 |
_aXII, 326 p. : _bil. ; _c25 cm. |
||
| 650 | 4 |
_aTrastornos del desarrollo en niños. _9165270 |
|
| 650 | 4 |
_aConducta- _xTrastornos en niños. _9165271 |
|
| 700 | 1 |
_aSolnit, Albert J. _9107234 |
|
| 700 | 1 |
_aGarrido Juan, A. _955707 |
|
| 852 |
_aES-MaACL _jC-42713 |
||
| 999 |
_c143450 _d143450 |
||